[Event "Norway Chess Open GM 2024"]
[Site "Stavanger NOR"]
[Date "2024.05.24"]
[Round "1.1"]
[White "Urkedal, Frode Olav Olsen"]
[Black "Bjerke, Richard"]
[Result "1-0"]
[WhiteTitle "GM"]
[BlackTitle "FM"]
[WhiteElo "2560"]
[BlackElo "2044"]
[WhiteFideId "1506102"]
[BlackFideId "1500252"]
[EventDate "2024.05.24"]

1. d4 Nf6 2. c4 e6 3. Nf3 b6 4. g3 Bb7 5. Bg2 Be7 6. O-O O-O 7. Nc3 Na6 8. Bf4
d5 9. cxd5 exd5 10. Rc1 Re8 11. Qc2 c5 12. Rfd1 Qc8 13. dxc5 bxc5 14. e3 Bf8 15.
Qb1 h6 16. Ne2 Ne4 17. Be5 Qf5 18. Bc3 g5 19. Be1 Qe6 20. a3 d4 21. exd4 Nxf2
22. Bxf2 Qxe2 23. Nxg5 hxg5 24. Bxb7 Rab8 25. Bd5 Qh5 26. Rf1 Bg7 27. Qf5 cxd4
28. g4 Qh6 29. Bxf7+ Kh8 30. Bxe8 Rxe8 31. Rc8 1-0

[Event "Norway Chess Open GM 2024"]
[Site "Stavanger NOR"]
[Date "2024.05.24"]
[Round "1.2"]
[White "Hestholm, Gustav"]
[Black "Papp, Gabor1"]
[Result "0-1"]
[BlackTitle "GM"]
[WhiteElo "2041"]
[BlackElo "2553"]
[WhiteFideId "1529153"]
[BlackFideId "718602"]
[EventDate "2024.05.24"]

1. e4 c5 2. Nf3 d6 3. d4 cxd4 4. Nxd4 Nf6 5. Nc3 a6 6. Be3 e5 7. Nb3 Be6 8. f3
h5 9. Nd5 Bxd5 10. exd5 Nbd7 11. Qd2 g6 12. O-O-O Rc8 13. Kb1 b5 14. Na5 Nb6 15.
Bg5 Bg7 16. Rc1 O-O 17. c4 bxc4 18. Bxc4 Nxc4 19. Rxc4 Rxc4 20. Nxc4 Qd7 21. Rc1
Rb8 22. Ka1 Rb5 23. Bxf6 Bxf6 24. Na3 Rb8 25. Rc6 e4 26. Nc4 exf3 27. gxf3 Qh3
28. Qe2 Kg7 29. a3 Rb3 30. Rxd6 Rxf3 31. Ka2 Qf5 32. Rxa6 Qxd5 33. Rd6 Qf5 34.
Rd2 Qf4 35. Nd6 Be5 36. Nc4 Bf6 37. Nd6 Bg5 38. Rd3 Rf2 39. Qe4 Rxh2 40. Qxf4
Bxf4 41. a4 Rd2 42. Rxd2 Bxd2 43. Nc4 Be1 44. a5 Bxa5 45. Nxa5 h4 46. Nc4 h3 47.
Ne3 h2 48. Nf5+ gxf5 0-1

[Event "Norway Chess Open GM 2024"]
[Site "Stavanger NOR"]
[Date "2024.05.24"]
[Round "1.3"]
[White "Amar, Elham"]
[Black "Myagmarsuren, Evsuld"]
[Result "1-0"]
[WhiteTitle "GM"]
[BlackTitle "CM"]
[WhiteElo "2552"]
[BlackElo "2016"]
[WhiteFideId "1533533"]
[BlackFideId "1551639"]
[EventDate "2024.05.24"]

1. e4 c5 2. Nf3 d6 3. d4 cxd4 4. Nxd4 Nf6 5. Nc3 a6 6. Bd3 e5 7. Nde2 Be6 8. O-O
Nbd7 9. Ng3 h5 10. h3 h4 11. Nge2 b5 12. a3 Be7 13. Be3 Nb6 14. Bg5 Nh5 15. Bxe7
Qxe7 16. Qc1 g5 17. Qe3 Nc4 18. Bxc4 Bxc4 19. Rfd1 Nf4 20. Rd2 Rh6 21. Rad1 Bxe2
22. Nxe2 Qc7 23. Nc3 Rd8 24. Nd5 Nxd5 25. Rxd5 Rg6 26. Qe2 Qc8 27. c3 Ke7 28. f3
Qc4 29. Qf2 Qc7 30. a4 bxa4 31. Ra1 Rb8 32. Rxa4 Qb6 33. Ra2 Rgg8 34. Rda5 Qxf2+
35. Kxf2 Rb3 36. R5a3 Rgb8 37. Rxb3 Rxb3 38. Ke3 Kd7 39. Kd3 Kc7 40. Kc4 Rb6 41.
b4 Rc6+ 42. Kb3 Kb7 43. Rd2 Kc7 44. c4 Rb6 45. Rd5 Rc6 46. Rd2 Kb6 47. Rd3 Kc7
48. b5 Rb6 49. Kb4 Rb8 50. Ra3 axb5 51. cxb5 Kb7 52. Ra6 Rc8 53. Rxd6 Rc2 54.
Rf6 Rxg2 55. Rxf7+ Kb6 56. Rf6+ Kb7 57. Kc5 Rc2+ 58. Kd5 Rh2 59. Kxe5 Rxh3 60.
Kd4 Rh1 61. Ke3 Rb1 62. Rf5 h3 63. Rf7+ Kc8 64. Rh7 Rxb5 65. Rxh3 Kd7 66. Rh6
Ke7 67. Kf2 Kf7 68. Kg3 Rb1 69. Kg4 Rg1+ 70. Kf5 Rg3 71. Rf6+ Kg7 72. Ke6 g4 73.
Rf7+ Kg6 74. f4 Ra3 75. Rf6+ Kg7 76. Kf5 g3 77. Rg6+ Kf7 78. e5 Rf3 79. Rg5 Ke7
80. Ke4 Ra3 81. Rg7+ Kf8 82. Rg6 Kf7 83. f5 Ke7 84. Rg7+ Kf8 85. f6 Rb3 86. e6
Rb4+ 87. Kf5 Rb5+ 88. Kg6 Re5 89. e7+ Ke8 90. Rg8+ 1-0

[Event "Norway Chess Open GM 2024"]
[Site "Stavanger NOR"]
[Date "2024.05.24"]
[Round "1.4"]
[White "Klings, Peter"]
[Black "Mitrabha, Guha"]
[Result "0-1"]
[BlackTitle "GM"]
[WhiteElo "1992"]
[BlackElo "2540"]
[WhiteFideId "4631234"]
[BlackFideId "5057000"]
[EventDate "2024.05.24"]

1. e4 e6 2. d4 d5 3. e5 c5 4. c3 Nc6 5. Nf3 Qb6 6. a3 c4 7. Nbd2 Na5 8. h4 Bd7
9. h5 h6 10. g3 Ne7 11. Bh3 Nc8 12. Nh4 Be7 13. Ng2 Qc7 14. Ne3 Nb6 15. a4 O-O-O
16. f4 g6 17. Bg4 Kb8 18. Kf2 Rdg8 19. Rh3 Qc8 20. Qh1 g5 21. Bd1 gxf4 22. gxf4
Qe8 23. Bc2 Bxa4 24. Qd1 Bxc2 25. Qxc2 Qb5 26. Nf3 Nb3 27. Ra2 f6 28. Ng2 Nc8
29. Be3 Qe8 30. Qe2 f5 31. Nh2 Qd8 32. Bd2 Rg7 33. Nf1 Rhg8 34. Nfe3 a5 35. Qd1
Na7 36. Be1 Nc6 37. Kg1 b5 38. Kh2 Qb6 39. Rg3 Rxg3 40. Bxg3 Qd8 41. Kh3 Qf8 42.
Nf1 Qf7 43. Nge3 Bd8 44. Bf2 Kc8 45. Be1 Nb8 46. Bf2 Na6 47. Be1 Nb8 48. Bf2 Kb7
49. Be1 Nc6 50. Bf2 Kb6 51. Be1 Ka6 52. Bf2 Nc1 53. Ra1 Nd3 54. Bg3 Qe7 55. Ng2
Nxb2 56. Qf3 Nd3 57. Nfe3 Qf7 58. Nh4 Bxh4 59. Bxh4 0-1

[Event "Norway Chess Open GM 2024"]
[Site "Stavanger NOR"]
[Date "2024.05.24"]
[Round "1.5"]
[White "Blomqvist, Erik"]
[Black "Saveljevs, Aleksandrs"]
[Result "1-0"]
[WhiteTitle "GM"]
[WhiteElo "2527"]
[BlackElo "1987"]
[WhiteFideId "1709437"]
[BlackFideId "11601779"]
[EventDate "2024.05.24"]

1. e4 c5 2. Nf3 Nc6 3. d4 cxd4 4. Nxd4 g6 5. c4 Nf6 6. Nc3 d6 7. Be2 Nxd4 8.
Qxd4 Bg7 9. O-O O-O 10. Qd3 Nd7 11. Be3 Nc5 12. Qc2 Bxc3 13. Qxc3 Nxe4 14. Qd4
f5 15. Bf3 Nf6 16. Rad1 Qc7 17. Rfe1 f4 18. Qxf4 Ng4 19. Qe4 Rxf3 20. Qxf3 Qxc4
21. Bg5 Ne5 22. Rxe5 Bg4 23. Qxb7 1-0

[Event "Norway Chess Open GM 2024"]
[Site "Stavanger NOR"]
[Date "2024.05.24"]
[Round "1.6"]
[White "Cornileau, Juliette"]
[Black "Balakrishnan, Praveen"]
[Result "0-1"]
[WhiteTitle "WFM"]
[BlackTitle "GM"]
[WhiteElo "1986"]
[BlackElo "2510"]
[WhiteFideId "36083372"]
[BlackFideId "2064871"]
[EventDate "2024.05.24"]

1. e4 e6 2. d4 d5 3. Nd2 c5 4. exd5 Qxd5 5. dxc5 Nf6 6. Ngf3 Qxc5 7. Bd3 Nbd7 8.
O-O Qc7 9. c4 b6 10. Rb1 Bb7 11. b4 Bd6 12. h3 O-O 13. a3 Rfe8 14. Qc2 Rac8 15.
Bb2 Ne5 16. Nxe5 Bxe5 17. Rfe1 Bxb2 18. Qxb2 Red8 19. Bf1 Qf4 20. Nb3 Ne4 21.
Rbd1 h6 22. a4 Bc6 23. b5 Ba8 24. a5 e5 25. axb6 axb6 26. Nc1 Nd2 27. Qc3 Nxf1
28. Rxf1 Rxd1 29. Rxd1 Rxc4 30. Rd8+ Kh7 31. Qd3+ Qe4 32. Qxe4+ Bxe4 33. Ne2 Rc5
34. Rd6 Bg6 35. Rxb6 Bd3 36. Ng3 Bxb5 37. Rb7 Bc4 38. Kh2 Be6 39. Rb2 Ra5 40.
Re2 Kg6 41. Ne4 f5 42. Ng3 Kf7 43. Rb2 g6 44. f3 h5 45. Rb4 Rd5 46. h4 Rd1 47.
Ne2 Rd2 48. Ng1 Bd5 49. Nh3 Ke7 50. Rb6 Bxf3 51. Rxg6 Bd5 52. Rg5 Kf6 53. Kg1
Bf7 54. g3 Ra2 55. Nf2 Ra1+ 56. Kh2 Bd5 57. Rxh5 Rf1 58. Rh6+ Kg7 59. Rd6 Rxf2+ 0-1

[Event "Norway Chess Open GM 2024"]
[Site "Stavanger NOR"]
[Date "2024.05.24"]
[Round "1.7"]
[White "Bazakutsa, Svyatoslav"]
[Black "Vasilijevic, Vili"]
[Result "1-0"]
[WhiteTitle "IM"]
[WhiteElo "2472"]
[BlackElo "1980"]
[WhiteFideId "14198525"]
[BlackFideId "14547104"]
[EventDate "2024.05.24"]

1. c4 e6 2. Nf3 Nf6 3. b3 b6 4. g3 Bb7 5. Bg2 d5 6. e3 Nbd7 7. Bb2 Bd6 8. O-O
O-O 9. Nc3 c6 10. d4 Qe7 11. Qc2 Rac8 12. e4 Nxe4 13. Nxe4 dxe4 14. Qxe4 Ba3 15.
Bxa3 Qxa3 16. Qc2 Rfd8 17. Rad1 h6 18. Rfe1 c5 19. Ng5 hxg5 20. Bxb7 Rb8 21. d5
Nf8 22. dxe6 Nxe6 23. Rxd8+ Rxd8 24. Bd5 Qa5 25. Re5 Rd6 26. Kg2 Qa6 27. Bxe6
Rxe6 28. Rxg5 Qb7+ 29. Rd5 Rd6 30. Qf5 g6 31. Qe5 Re6 32. Qf4 Kg7 33. Qf3 Qe7
34. h4 Qf6 35. Qd1 Qb2 36. Rd2 Qe5 37. a4 a5 38. Qc2 Qa1 39. Rd1 Qe5 40. Qd3 Qb2
41. Rd2 Qe5 42. Qf3 Qe1 43. Rd1 Qe5 44. Rd5 Qf6 45. Rd7 Qxf3+ 46. Kxf3 Kf6 47.
g4 Kg7 48. Kg3 Kf8 49. g5 Kg7 50. Rb7 Rd6 51. Kg4 Kg8 52. f4 Kf8 53. h5 gxh5+
54. Kxh5 Re6 55. f5 Rd6 56. f6 Ke8 57. Kh6 1-0

[Event "Norway Chess Open GM 2024"]
[Site "Stavanger NOR"]
[Date "2024.05.24"]
[Round "1.8"]
[White "Haugen, Lars Tormod"]
[Black "Druska, Juraj"]
[Result "0-1"]
[BlackTitle "IM"]
[WhiteElo "1961"]
[BlackElo "2466"]
[WhiteFideId "1559966"]
[BlackFideId "14915650"]
[EventDate "2024.05.24"]

1. c4 e5 2. Nc3 d6 3. g3 f5 4. Bg2 Nf6 5. d3 Be7 6. e4 O-O 7. Nge2 fxe4 8. dxe4
c6 9. O-O Be6 10. b3 a6 11. a4 a5 12. h3 Nbd7 13. Be3 Qc7 14. f4 exf4 15. gxf4
Nc5 16. Qc2 Rae8 17. Bxc5 dxc5 18. e5 Nh5 19. Be4 g6 20. Kh1 Bxh3 21. Rg1 Nxf4
22. Nxf4 Rxf4 23. Bxg6 Rh4 24. Bxe8+ Kh8 25. Qf2 Qxe5 26. Rae1 Bg2+ 27. Kxg2
Rh2+ 28. Kf1 Rxf2+ 29. Kxf2 Bh4+ 0-1

[Event "Norway Chess Open GM 2024"]
[Site "Stavanger NOR"]
[Date "2024.05.24"]
[Round "1.9"]
[White "Kvaloy, Aksel Bu"]
[Black "Dammann, Jorn"]
[Result "1-0"]
[WhiteTitle "IM"]
[WhiteElo "2454"]
[BlackElo "1953"]
[WhiteFideId "1528815"]
[BlackFideId "30937124"]
[EventDate "2024.05.24"]

1. d4 d5 2. c4 e6 3. Nf3 Nf6 4. g3 c5 5. Bg2 Nc6 6. cxd5 Nxd5 7. O-O cxd4 8.
Nxd4 Bd7 9. e4 Ndb4 10. Nb5 a6 11. N5c3 Nd4 12. Qxd4 Nc2 13. Qd1 Nxa1 14. Be3
Bb5 15. Nxb5 axb5 16. Qe2 b4 17. Rd1 Qc7 18. e5 Be7 19. Qb5+ Kf8 20. Rc1 Qd8 21.
Nd2 Rxa2 22. Qxb7 f6 23. Rc8 Kf7 24. Rxd8 Rxd8 25. exf6 gxf6 26. Bc5 Rxd2 27.
Qxe7+ 1-0

[Event "Norway Chess Open GM 2024"]
[Site "Stavanger NOR"]
[Date "2024.05.24"]
[Round "1.10"]
[White "Flatebo, Hallvard Haug"]
[Black "Seo, Jung Min"]
[Result "0-1"]
[BlackTitle "IM"]
[WhiteElo "1951"]
[BlackElo "2451"]
[WhiteFideId "1530720"]
[BlackFideId "1734687"]
[EventDate "2024.05.24"]

1. d4 Nf6 2. c4 e6 3. Nc3 Bb4 4. e3 O-O 5. Ne2 Re8 6. a3 Bf8 7. Qc2 d5 8. Ng3 b6
9. b4 Bb7 10. cxd5 exd5 11. Be2 c5 12. bxc5 bxc5 13. Rb1 Bc6 14. O-O cxd4 15.
exd4 Nbd7 16. Bb5 Bxb5 17. Rxb5 a6 18. Rb3 Qc7 19. Qd3 Rec8 20. Nf5 Qc4 21. Qxc4
Rxc4 22. Rd1 Rac8 23. Bb2 R4c6 24. Na4 g6 25. Ne3 h5 26. Kf1 Bd6 27. h3 Kf8 28.
Re1 Ne4 29. Rb7 Ndf6 30. Nb6 Re8 31. Rc1 Rxc1+ 32. Bxc1 Bf4 33. a4 Re6 34. Ke2
Kg8 35. f3 Nd6 36. Ra7 Bxe3 37. Bxe3 Nf5 38. Rxa6 Rxe3+ 39. Kf2 Ra3 40. a5 Ra2+ 0-1

[Event "Norway Chess Open GM 2024"]
[Site "Stavanger NOR"]
[Date "2024.05.24"]
[Round "1.11"]
[White "Johansson, Linus"]
[Black "Azikri, Gur"]
[Result "1-0"]
[WhiteTitle "IM"]
[WhiteElo "2448"]
[BlackElo "1948"]
[WhiteFideId "1711113"]
[BlackFideId "2812738"]
[EventDate "2024.05.24"]

1. d4 f5 2. Nf3 e6 3. g3 Nf6 4. Bg2 Be7 5. O-O O-O 6. c4 d6 7. Nc3 Ne4 8. Bd2
Bf6 9. Rc1 Nc6 10. d5 Nxd2 11. Qxd2 Ne5 12. Nxe5 dxe5 13. Rfd1 e4 14. e3 a6 15.
Bh3 Qe8 16. d6 cxd6 17. Qxd6 Qh5 18. Bf1 Qf7 19. Na4 b5 20. Nb6 Bb7 21. Nxa8
Bxa8 22. cxb5 axb5 23. Rc7 Qe8 24. Qd7 1-0

[Event "Norway Chess Open GM 2024"]
[Site "Stavanger NOR"]
[Date "2024.05.24"]
[Round "1.12"]
[White "Derlich, Sarah Sima"]
[Black "Elsness, Frode"]
[Result "0-1"]
[BlackTitle "IM"]
[WhiteElo "1945"]
[BlackElo "2425"]
[WhiteFideId "1469290"]
[BlackFideId "1501100"]
[EventDate "2024.05.24"]

1. e4 c6 2. d4 d5 3. exd5 cxd5 4. Bd3 Nc6 5. c3 Qc7 6. g3 e6 7. Bf4 Bd6 8. Bxd6
Qxd6 9. Nf3 Nge7 10. O-O f6 11. Re1 O-O 12. Nbd2 Bd7 13. Rc1 Rad8 14. Qe2 Rfe8
15. Nf1 e5 16. dxe5 fxe5 17. Rcd1 Bg4 18. Bxh7+ Kh8 19. Bb1 Qf6 20. Qc2 e4 21.
Nd4 Bxd1 22. Rxd1 Nxd4 23. Rxd4 Nc6 24. Rd1 d4 25. cxd4 Nxd4 26. Qc5 Ne2+ 27.
Kg2 Qf3+ 28. Kh3 Rxd1 0-1

[Event "Norway Chess Open GM 2024"]
[Site "Stavanger NOR"]
[Date "2024.05.24"]
[Round "1.13"]
[White "Miezis, Normunds"]
[Black "Simonsen, David Mindestrommen"]
[Result "1-0"]
[WhiteTitle "GM"]
[WhiteElo "2424"]
[BlackElo "1942"]
[WhiteFideId "11600136"]
[BlackFideId "1565672"]
[EventDate "2024.05.24"]

1. c4 Nf6 2. Nc3 d5 3. cxd5 Nxd5 4. g3 c5 5. Bg2 Nc7 6. d3 e5 7. Nf3 Nc6 8. Nd2
Be7 9. Nc4 f6 10. f4 exf4 11. Bxf4 Ne6 12. Bd2 O-O 13. Nd5 Re8 14. O-O Bd7 15.
a4 Ng5 16. e4 Nf7 17. Bc3 Nfe5 18. Nxe5 Nxe5 19. Bxe5 fxe5 20. Qh5 Be6 21. Bh3
Bxh3 22. Qxh3 Bd6 23. Rf5 Rf8 24. Rxf8+ Qxf8 25. Qe6+ Kh8 26. Rf1 Qd8 27. Rf7 c4
28. dxc4 Bc5+ 29. Kg2 Qa5 30. Qh6 Rg8 1-0

[Event "Norway Chess Open GM 2024"]
[Site "Stavanger NOR"]
[Date "2024.05.24"]
[Round "1.14"]
[White "Stevens, Christian FRA"]
[Black "Zylka, Stanislaw"]
[Result "0-1"]
[BlackTitle "IM"]
[WhiteElo "1936"]
[BlackElo "2396"]
[WhiteFideId "649090"]
[BlackFideId "1189654"]
[EventDate "2024.05.24"]

1. e4 c5 2. Nc3 a6 3. g3 b5 4. Bg2 Bb7 5. a4 b4 6. Nd5 e6 7. Ne3 Nf6 8. f4 Bxe4
9. Bxe4 Nxe4 10. Qf3 d5 11. d3 Nf6 12. Ne2 Nc6 13. c3 bxc3 14. bxc3 Rb8 15. O-O
Be7 16. Ra2 O-O 17. Ng4 Nxg4 18. Qxg4 Rb1 19. Qf3 Qb6 20. Qe3 Qb3 21. Qd2 Rb8
22. g4 d4 23. cxd4 cxd4 24. Rc2 Bb4 25. Qd1 Bc3 0-1

[Event "Norway Chess Open GM 2024"]
[Site "Stavanger NOR"]
[Date "2024.05.24"]
[Round "1.15"]
[White "Lovik, Lasse Ostebo"]
[Black "Omtvedt, Aleksander"]
[Result "1-0"]
[WhiteTitle "IM"]
[WhiteElo "2367"]
[BlackElo "1935"]
[WhiteFideId "1505033"]
[BlackFideId "1511076"]
[EventDate "2024.05.24"]

1. Nf3 d5 2. g3 Nf6 3. Bg2 c6 4. O-O Bf5 5. c4 e6 6. d4 h6 7. Nc3 Nbd7 8. Qb3
Qb6 9. c5 Qxb3 10. axb3 a6 11. Bf4 g5 12. Bc7 Ne4 13. Ra4 Bg7 14. Rb4 Ra7 15. h4
g4 16. Nxe4 Bxe4 17. Ne5 Bxg2 18. Kxg2 f5 19. Ng6 Rg8 20. h5 Kf7 21. f3 gxf3+
22. exf3 Rc8 23. Bd6 Nf6 24. g4 Re8 25. Ra4 fxg4 26. fxg4 Kg8 27. g5 hxg5 28. h6
Kh7 29. hxg7 Kxg6 30. Raa1 Nh5 31. Be5 Raa8 32. Kh3 Nxg7 33. Rf6+ Kh5 34. Rg1
Nf5 35. Rg4 Rf8 36. Bf4 Rxf6 37. Rxg5+ Kh6 38. Rg8+ Kh5 39. Rxa8 Nxd4 40. Rh8+
Kg6 41. Be5 Rf3+ 42. Kg4 Rd3 43. Rf8 Re3 44. Rf6+ Kh7 45. Bxd4 Re4+ 46. Rf4 1-0

[Event "Norway Chess Open GM 2024"]
[Site "Stavanger NOR"]
[Date "2024.05.24"]
[Round "1.16"]
[White "Lilliehook, Victor"]
[Black "Savitha, Shri B"]
[Result "1-0"]
[BlackTitle "WGM"]
[WhiteElo "1928"]
[BlackElo "2363"]
[WhiteFideId "1752103"]
[BlackFideId "35061887"]
[EventDate "2024.05.24"]

1. e4 c5 2. Nf3 Nc6 3. d4 cxd4 4. Nxd4 Qb6 5. Nb3 e6 6. Be3 Qc7 7. Bd3 Nf6 8. c4
Bb4+ 9. Bd2 a5 10. a3 Bxd2+ 11. N3xd2 Ne5 12. Be2 d6 13. Nc3 Bd7 14. b3 Rc8 15.
O-O O-O 16. Kh1 Qc5 17. f4 Ng6 18. Bd3 e5 19. f5 Nf4 20. Bc2 g6 21. Ne2 Ng4 22.
Nxf4 Ne3 23. Nd3 Qd4 24. Qc1 Nxf1 25. Qxf1 gxf5 26. exf5 e4 27. Nxe4 Qxe4 28.
Nc5 Qxc2 29. Nxd7 Rfd8 30. Nf6+ Kh8 31. Rb1 a4 32. bxa4 Qxc4 33. Qd1 Qc2 34. Qe1
Qxf5 35. Qf1 Qxf1+ 36. Rxf1 d5 37. Rd1 d4 1-0

[Event "Norway Chess Open GM 2024"]
[Site "Stavanger NOR"]
[Date "2024.05.24"]
[Round "1.18"]
[White "Hetland, Even"]
[Black "Stanojevic, Ilija"]
[Result "0-1"]
[BlackTitle "CM"]
[WhiteElo "1903"]
[BlackElo "2317"]
[WhiteFideId "1555995"]
[BlackFideId "959995"]
[EventDate "2024.05.24"]

1. Nf3 d5 2. g3 Nf6 3. Bg2 e6 4. O-O c5 5. d4 cxd4 6. Nxd4 e5 7. Nb3 Be6 8. N1d2
Nc6 9. e4 d4 10. f4 exf4 11. gxf4 Ng4 12. Nf3 Bc4 13. Re1 d3 14. Nbd2 Qb6+ 15.
Kh1 Nf2+ 0-1

[Event "Norway Chess Open GM 2024"]
[Site "Stavanger NOR"]
[Date "2024.05.24"]
[Round "1.20"]
[White "Mesar, Darko"]
[Black "Tomaszewski, Kacper"]
[Result "0-1"]
[BlackTitle "FM"]
[WhiteElo "1894"]
[BlackElo "2300"]
[WhiteFideId "14531038"]
[BlackFideId "1127373"]
[EventDate "2024.05.24"]

1. d4 Nf6 2. c4 c5 3. d5 b5 4. Qc2 bxc4 5. e4 e6 6. dxe6 fxe6 7. Bxc4 Bb7 8. Bd3
Nc6 9. Nc3 Nb4 10. Qd1 Qa5 11. f3 d5 12. exd5 exd5 13. Qe2+ Kf7 14. Kf2 Re8 15.
Qd1 c4 16. Bc2 Bc5+ 17. Kf1 d4 18. Na4 Nxc2 0-1

[Event "Norway Chess Open GM 2024"]
[Site "Stavanger NOR"]
[Date "2024.05.24"]
[Round "1.22"]
[White "Meyer, Stefan"]
[Black "Eliseev, Sergey"]
[Result "0-1"]
[WhiteElo "1866"]
[BlackElo "2292"]
[WhiteFideId "12948217"]
[BlackFideId "1534734"]
[EventDate "2024.05.24"]

1. d4 d5 2. c4 e6 3. Nc3 a6 4. a4 Nc6 5. Nf3 h6 6. e3 Nf6 7. Bd3 Be7 8. O-O O-O
9. Qe2 b6 10. Rd1 Na5 11. Ne5 Bb7 12. cxd5 exd5 13. Bc2 Re8 14. Qf3 Bb4 15. Bd2
Nc6 16. Nxc6 Bxc6 17. Nb1 Bd6 18. Nc3 Ne4 19. Nxe4 dxe4 20. Qg4 Bd5 21. Bc3 Re6
22. Rdc1 Rg6 23. Qd1 Qg5 24. g3 h5 25. Bb3 Bxb3 26. Qxb3 h4 27. Be1 Qf5 28. Qd1
Re8 29. Qe2 Ree6 30. Rc2 a5 31. Rd1 Rg5 32. Qa6 Rh6 33. Rdd2 Kh7 34. Qf1 Qg4 35.
Qe2 Qf5 36. Qf1 Qe6 37. Qc4 Qg6 38. Qf1 Rgh5 39. Qc4 Rf5 40. Qe2 Rf3 41. Qb5 Bb4
42. Rd1 Bxe1 43. Rxe1 hxg3 44. fxg3 Rxg3+ 45. hxg3 Qxg3+ 46. Kf1 Rh1+ 47. Ke2
Qxe1# 0-1

[Event "Norway Chess Open GM 2024"]
[Site "Stavanger NOR"]
[Date "2024.05.24"]
[Round "1.25"]
[White "Ostensen, Nicolai Maxime"]
[Black "Bekmukhanov, Sauran"]
[Result "1-0"]
[WhiteTitle "FM"]
[WhiteElo "2234"]
[BlackElo "1844"]
[WhiteFideId "1546970"]
[BlackFideId "1472844"]
[EventDate "2024.05.24"]

1. c4 c5 2. Nc3 Nc6 3. g3 Nf6 4. Bg2 e6 5. Nf3 d5 6. cxd5 exd5 7. d4 Bg4 8. dxc5
Bxc5 9. O-O d4 10. Na4 Be7 11. Bf4 O-O 12. Rc1 Re8 13. h3 Bh5 14. a3 Rc8 15. Qb3
Qa5 16. g4 Bg6 17. Nd2 Qa6 18. Qd1 Na5 19. b4 Rxc1 20. Qxc1 Nc6 21. Qd1 b5 22.
Nc5 Qb6 23. Ndb3 Rd8 24. Bg5 h6 25. Bh4 Ne5 26. Qc1 Nc4 27. Rd1 a5 28. bxa5 Nxa5
29. Nxa5 Bxc5 30. Nb7 Rc8 31. Nxc5 Rxc5 32. Qf4 Bc2 33. Rxd4 Ne8 34. Qe3 Nc7 35.
Be7 Rc4 36. Rd8+ 1-0

[Event "Norway Chess Open GM 2024"]
[Site "Stavanger NOR"]
[Date "2024.05.24"]
[Round "1.26"]
[White "Jeyanth, R"]
[Black "Riisem, Oyvind"]
[Result "1/2-1/2"]
[WhiteElo "1808"]
[BlackElo "2203"]
[WhiteFideId "25618750"]
[BlackFideId "1504673"]
[EventDate "2024.05.24"]

1. Nf3 d6 2. d4 Bg4 3. e4 Nf6 4. Nc3 e6 5. Bg5 Be7 6. Be2 c6 7. Qd2 O-O 8. e5
dxe5 9. dxe5 Nd5 10. Bxe7 Qxe7 11. Ne4 Nd7 12. c4 Qb4 13. cxd5 Qxe4 14. dxc6
Qxc6 15. Rc1 Qd5 16. Qxd5 exd5 17. Rc7 Rac8 18. Rxb7 Rc1+ 19. Bd1 Bxf3 20. gxf3
Nxe5 21. Kd2 Ra1 22. Re1 Nc4+ 23. Kc3 Rxa2 1/2-1/2

[Event "Norway Chess Open GM 2024"]
[Site "Stavanger NOR"]
[Date "2024.05.24"]
[Round "1.27"]
[White "Uritsky, Yonathan"]
[Black "McCartney, Steven"]
[Result "1-0"]
[WhiteTitle "CM"]
[WhiteElo "2185"]
[BlackElo "1802"]
[WhiteFideId "2825651"]
[BlackFideId "2642212"]
[EventDate "2024.05.24"]

1. e4 d5 2. exd5 Nf6 3. Bb5+ Bd7 4. Be2 Nxd5 5. d4 c6 6. Nf3 Bg4 7. O-O e6 8. c4
Nf6 9. b3 Bd6 10. Bb2 Qc7 11. Ne5 h5 12. f4 Nbd7 13. c5 Be7 14. Nd2 Bf5 15. Ndc4
Rd8 16. b4 Rh6 17. Ne3 g6 18. Qe1 Nxe5 19. fxe5 Nd5 20. Nc4 Kf8 21. Bc1 Rh7 22.
a4 Rd7 23. b5 Qd8 24. Bd2 Bg5 25. Ra3 h4 26. Nd6 Kg8 27. bxc6 bxc6 28. Rb3 h3
29. g4 Bxg4 30. Bxg4 Rh4 31. Rg3 Kg7 32. Nxf7 Rxf7 33. Rxf7+ Kxf7 34. Bxg5 Ne7
35. Qf2+ 1-0

[Event "Norway Chess Open GM 2024"]
[Site "Stavanger NOR"]
[Date "2024.05.24"]
[Round "1.28"]
[White "Rynkjob, Bastian"]
[Black "Fiskaaen, Martin Holten"]
[Result "0-1"]
[WhiteElo "1797"]
[BlackElo "2116"]
[WhiteFideId "1473557"]
[BlackFideId "1550233"]
[EventDate "2024.05.24"]

1. e4 c5 2. Nf3 d6 3. Bb5+ Nd7 4. O-O a6 5. Bxd7+ Qxd7 6. Nc3 Nf6 7. d3 e6 8.
Re1 b5 9. a3 Bb7 10. Bg5 Be7 11. Bf4 e5 12. Bg5 h6 13. Bxf6 Bxf6 14. Ne2 O-O 15.
Ng3 g6 16. h4 h5 17. Nf1 Qd8 18. g3 d5 19. Qd2 Qd6 20. Qh6 Bg7 21. Qg5 Rad8 22.
N1h2 f5 23. exd5 Bxd5 24. b4 cxb4 25. axb4 e4 26. dxe4 fxe4 27. Rad1 Rf5 28. Qd2
exf3 29. Nf1 Qc7 30. Ne3 Bc3 31. Nxd5 Rfxd5 32. Re8+ Rxe8 33. Qxd5+ Qf7 34. Qc6
Bxb4 35. Qxa6 Qf5 36. Qa1 Qh3 0-1

[Event "Norway Chess Open GM 2024"]
[Site "Stavanger NOR"]
[Date "2024.05.24"]
[Round "1.29"]
[White "Bezo, Stefan"]
[Black "Oz, Sinan"]
[Result "1-0"]
[WhiteElo "2065"]
[BlackElo "1794"]
[WhiteFideId "14907682"]
[BlackFideId "1471090"]
[EventDate "2024.05.24"]

1. e4 c5 2. Nf3 g6 3. c4 Nc6 4. d4 cxd4 5. Nxd4 Nf6 6. Nc3 d6 7. Be2 Nxd4 8.
Qxd4 Bg7 9. Be3 O-O 10. Qd2 a5 11. O-O a4 12. Rac1 Qa5 13. f3 Be6 14. Nb5 Qxd2
15. Bxd2 Rfc8 16. Be3 Nd7 17. Nd4 Nc5 18. Nxe6 Nxe6 19. Rb1 Bd4 20. Kf2 h5 21.
Rfd1 Bg7 22. Rd2 Nc5 23. Rd5 Ra6 24. Bg5 e6 25. Rd2 Rb6 26. Be7 Bf8 27. Bg5 Bg7
28. Bf4 e5 29. Be3 Kf8 30. Rd5 Ke7 31. Bd2 Ne6 32. Ra5 Nc5 33. Be3 Ra6 34. Rb5
b6 35. Rd1 Rc6 36. Rb4 Ra7 37. Bd3 Ke6 38. Bc2 a3 39. b3 f5 40. Ke2 f4 41. Bf2
g5 42. h3 h4 43. Rb5 Ra6 44. Be1 Bf6 45. b4 Na4 46. Bb3 Kd7 47. Rbd5 Nb2 48. b5 1-0